[Event "Ashdod op 1st"]
[Site "Ashdod"]
[Date "2003.10.17"]
[Round "9"]
[White "Tyomkin, Dimitri"]
[Black "Lerner, Konstantin Z"]
[Result "1-0"]
[WhiteElo "2476"]
[BlackElo "2524"]
[Annotator "Tyomkin,D"]
[PlyCount "109"]
[EventDate "2003.10.04"]
[EventType "swiss"]
[EventRounds "9"]
[EventCountry "ISR"]
[SourceTitle "CBM 096 Extra"]
[Source "ChessBase"]
[SourceDate "2003.10.22"]
[SourceVersion "2"]
[SourceVersionDate "2003.10.20"]
[SourceQuality "1"]

{This is decisive 9th round game; Only win could give one of us a good prize;
Before this game I played Lerner only once but lost;} 1. e4 c5 2. Nf3 e6 {
Usually Lerner plays Rauzer Variation, playing 2...d6 here, but he was
probably worried of 3.Bb5+...} 3. Nc3 Nc6 4. d4 cxd4 5. Nxd4 a6 6. Be3 Qc7 7.
Qd2 Nf6 8. f3 {Probably 8.0-0-0 gives white more chances for opening advantage;
} (8. O-O-O Bb4 9. f3 Na5 $5 {Topalov-Anand, Corsica Masters, Bastia, 2004;})
8... Bb4 9. a3 {Here I could transform the game to main lines by 9.0-0-0;} Be7
10. g4 h6 11. O-O-O Ne5 $6 $146 (11... b5 12. h4 (12. Nxc6 dxc6 {[%cal Gb5b4]})
12... b4 13. axb4 Bxb4 14. Nxc6 dxc6 15. Bc4 (15. Bd4 $5) 15... Nd7 16. f4 (16.
Qd4 Bc5 17. Qd2 Bb4 $11) 16... Qa5 $132 {0-1 Todorovic,G-Djukic,N/Budva YUG
2003/The Week in Chess 450 (33)}) 12. Kb1 $6 {This move is useful mostly, but
here it's actually just the waste of time!} (12. f4 $1 Nexg4 13. Bg1 $1 {
[%cal Gh2h3,Ge4e5] white threatens h3 and also e5- not easy to defend here
with black;}) 12... b5 13. f4 $1 {[%mdl 128] Better late than never :-)} Nc4 $2
{missing a nice chance;} (13... Nexg4 14. e5 b4 15. axb4 Bxb4 16. exf6 Bxc3 17.
bxc3 Qb7+ 18. Kc1 Nxe3 (18... Rb8 $6 19. Nb5 $1) 19. Qxe3 Qxh1 20. Nf3 $1 $16)
(13... b4 $1 14. axb4 Bxb4 15. fxe5 Nxe4 {and black's attack is very strong
here;}) 14. Bxc4 Qxc4 $6 (14... bxc4 $5 {was probably better idea- black has
b-file for a counterplay;}) 15. e5 $1 {[%mdl 128] Very logical- black is
uncastled and lacking development;} Nxg4 16. Rhg1 Nxe3 (16... h5 17. h3 Nxe3
18. Qxe3 g6 {-semilar to the game;}) 17. Qxe3 g6 18. Ne4 {Rxg6 is very
tempting, especially in view of my previous aggresive moves, but it simply
doesn't work here:} (18. Rxg6 $6 fxg6 (18... b4 $5) 19. Qe4 Bb7 $3 20. Qxb7 Kf7
$17) 18... Bb7 19. Nd6+ (19. b3 $5) 19... Bxd6 20. exd6 Qc5 (20... Bd5 21. b3
Qc5 22. Qe5 {[%cal Gf4f5]}) 21. Rd3 $16 {[%cal Gd3c3,Gd3e3,Yf4f5] White rook
is very strong on the 3rd file- prevents 0-0-0 of black and also overprotects
white queen;} Rc8 22. f5 $1 {[%csl Rg1][%mdl 128] White needs files open,
especially g-file for Rg1;} g5 (22... gxf5 $4 {[%tqu "En","White can kill
black on a spot;","backrank of black is weak;","","e3h6","",10,"e3g3","",5]}
23. Qxh6 $1 {[%csl Yg8]} (23. Qg3 {This one wins too, but 23.Qxh6 is just
faster;} Rf8 24. Qh4 Qxd6 25. Nxf5 $18) 23... Qe5 24. Rdg3 $18 (24. Qh4 $18 {
this one is more elegant than 24.Rdg3;})) {[%tqu "En","find the best
continuation for black;","","","b2b4","This move doesn't look very obvious,
but that's the best move here- black doesn't have any good spot to move the
queen;",10,"f5e6","",0]} 23. b4 $1 {This move doesn't look very obvious, but
that's the best move here- black doesn't have any good spot to move the queen;}
(23. fxe6 $6 fxe6 24. Nxe6 Qxe3 25. Nc7+ Kf7 26. Rxe3 {but this is playable
for black here;}) 23... Qxd6 {Black doesn't have any better as proved below:} (
23... Qd5 24. Nxe6 Qe4 25. Nc5 $1 $18) (23... Qc4 24. Qe5 O-O 25. Qf6 $18) (
23... Qb6 24. Qe5 $18) 24. Nxb5 Qxd3 (24... Qxh2 25. Nd6+ Ke7 26. f6+ $1 (26.
Nxb7 Rxc2 27. Qd4 {white should be winning here too;}) 26... Kxf6 27. Rd2 $1
$18 {[%cal Gd6b7]}) 25. cxd3 $1 {White needs c-file open, also white queen is
better on e-file;} axb5 26. Qe5 Rg8 27. f6 $18 {Black king is a target now;}
Bc6 28. Qd6 Kd8 29. Rc1 $6 {Right idea (a3-a4 and then b4-b5), but wrong
interpretation!} ({White could win on a spot by:} 29. a4 $1 bxa4 30. Rc1 {
[%cal Gb4b5] and black can do nothing against b5;}) 29... g4 $1 {[%cal Gg8g5]
Now black can hold b5 point by Rg5;} 30. Rc5 {[%cal Gc5g5] to prevent Rg5;} (
30. a4 Rg5 31. Qf8+ Kc7 32. Rxc6+ $1 dxc6 33. Qxf7+ Kb8 34. Qxe6 {white wins
here too;}) 30... h5 {black is just trying to confuse white;} 31. Rxh5 $2 (31.
a4 $1 {just wins black bishop here;}) 31... Bd5 32. Rh7 Rc6 33. Qb8+ Rc8 34.
Qb6+ Rc7 35. Rxf7 Kc8 {Black somehow manages not to lose at once :-)} 36. Qd6
$2 {and white just helps black in that!} (36. Re7 $1 {[%cal Gf6f7,Ge7e8] f7
then Re8- black is dead here;}) 36... Rg5 37. Qa6+ (37. Rg7 Rf5 38. Qb6 $1 {
[%cal Rg7g8,Yb6f2]} Rf1+ 39. Kb2 $18) 37... Rb7 38. Qa8+ $6 {White does
everything to keep black alive!} (38. Qa5 $1 {[%cal Gf7f8]} Rg8 39. Re7 {
[%cal Gf6f7]}) 38... Kc7 39. Qe8 Kd6 (39... Bc6 40. Qxe6 $18) 40. Qe7+ (40. Rg7
Rf5 41. f7 {Even here black can't escape;} Rf1+ 42. Kb2 Rf2+ 43. Kc3 Rc7+ 44.
Kd4 Rf4+ 45. Ke3 Rf3+ 46. Kd2 Rf2+ 47. Ke1 $18 {[%cal Gf7f8]}) 40... Ke5 41.
Qc5 Kf4 $2 {black finally misses the best defensive chance:} (41... Rf5 42.
Qe3+ Kd6 43. Rg7 {[%cal Gg7g5,Gf6f7]} Rxf6 44. Qc5+ Ke5 45. Qc3+ Kf5 46. Qd4
Bf3 47. h3 $1 $18) 42. Rg7 $6 {Yes! I blundered a queen here, but luckily it
leads to the winning rook ending! So, this was actually a "good blunder"!} (42.
Qf2+ Ke5 (42... Bf3 43. Rg7 {[%cal Gf6f7]}) 43. Rh7 Rf5 44. Qe3+ Kxf6 45. Qd4+
$18) 42... Ba2+ 43. Kxa2 Rxc5 44. bxc5 $18 {[%cal Rc5c6,Rf6f7]} Rb8 45. Rxd7 {
[%cal Yc5c6,Yf6f7] Two passers of white c and f decide the game here;} Rh8 46.
c6 Rxh2+ 47. Kb3 Rh8 48. c7 g3 49. Rg7 (49. Rd8 g2 50. Rxh8 g1=Q 51. c8=Q Qb1+
52. Kc3 {and no perpetual check here;}) 49... Kf3 50. f7 Rf8 51. Rg8 g2 {
I was very surprised that my opponent kept playing here!} 52. c8=Q Rxc8 53.
Rxc8 g1=Q 54. f8=Q+ Ke2 55. Rc2+ {black gonna get mate very soon here;} 1-0

[Event "RUS-ch Higher League 61st"]
[Site "Novokuznetsk"]
[Date "2008.09.08"]
[Round "6"]
[White "Nepomniachtchi, Ian"]
[Black "Vitiugov, Nikita"]
[Result "1/2-1/2"]
[WhiteElo "2602"]
[BlackElo "2616"]
[Annotator "Vitiugov,N"]
[PlyCount "94"]
[EventDate "2008.09.03"]
[EventType "swiss"]
[EventRounds "11"]
[EventCountry "RUS"]
[SourceTitle "CBM 126"]
[Source "ChessBase"]
[SourceDate "2008.10.01"]
[SourceVersion "1"]
[SourceVersionDate "2008.10.01"]
[SourceQuality "1"]

{Before this game my opponent and I were the leaders with 4 from 5. So it was
a very important game.} 1. e4 c5 2. Nf3 e6 3. d4 cxd4 4. Nxd4 Nc6 5. Nc3 Qc7 6.
Be3 a6 {Brave opening choice from both sides.} (6... Nf6 $5) 7. Qd2 Nf6 8.
O-O-O Bb4 (8... b5 $5) 9. f3 Ne5 (9... Ne7) 10. Nb3 b5 11. Qe1 Be7 12. f4 Ng6
13. e5 Ng4 14. Ne4 O-O 15. Bc5 Bb7 16. h3 Nh6 17. Bxe7 Nxe7 18. Bd3 Nd5 {
We reached this point very rapidly. Playing fast is typical for Ian, and I
tried not to lag behind.} 19. Rf1 (19. Qd2 {Vachier-Lagraeve}) 19... f5 $6 20.
Nd6 Bc6 21. g4 fxg4 {Here it seemed to me, that I could confuse my opponent by
very fast play. But I was mistaken - Ian was self-confident, the black
position was very risky, and I only had my advance in time to cheer me up.} 22.
Qg3 Nf7 23. hxg4 $5 {A strong novelty, which was invented by my opponent at
the board.} ({An earlier move was:} 23. Nxf7 Rxf7 24. hxg4 Raf8 25. f5 Nb4)
23... Nxd6 $2 {Black's first serious mistake in the game, which should be the
last.} (23... Nb4 $5) {From this moment Ian begin to play faster and faster,
and rather strongly up to a certain point.} 24. Qh2 $1 h6 {I think, that from
this moment till the end of the game, Black made only moves, which sometimes
happened to be very strong.} 25. exd6 Qb6 (25... Qxd6 26. g5 Rxf4 27. gxh6 $18)
26. Rde1 $6 {This obvious move indeed proves to be a mistake.} ({The
prophylactic} 26. Kb1 $1 {led to a very strong attack.} Ne3 27. g5 Nxf1 28.
Rxf1 $40) (26. g5 $5 Nxf4 27. gxh6 Qe3+ (27... Nxd3+ 28. Kb1 $1) 28. Kb1 Qh3)
26... Nb4 27. Bg6 Rf6 28. Qh5 (28. f5 {doesn't promise anything, in spite of
it looks very attractive} exf5 29. Bxf5 (29. gxf5 Bd5 30. Re7 Qxd6 31. Qxd6
Rxd6 32. Rfe1 Rf8) 29... Bd5 30. g5 Qxd6) 28... Raf8 (28... Bg2 $2 {lost
immediately} 29. g5 Bxf1 30. gxf6 Qf2 31. Bf7+ $18) 29. f5 ({White could make
use of a prophylactic mentality one more time with winning effect:} 29. a3 $1
Nd5 30. f5 exf5 (30... Ne3 31. g5 Nxf1 32. gxf6 Qf2 33. f7+ Kh8 34. Qe2 $18)
31. g5 Re6 32. gxh6 Nf4 33. Bf7+ $3 $18) 29... Bg2 30. g5 Bxf1 31. gxf6 Qf2 32.
f7+ $2 {Underestimating Black's counterplay.} ({Correct was the dynamic} 32.
Bh7+ $1 Kh8 33. fxg7+ Kxg7 34. Qg4+ Kxh7 {and here it is very important, that
White can take the h6-pawn with check, and return back to this position.
Neither I nor Ian had seen it during the game.} 35. Qg6+ Kh8 36. Qxh6+ Kg8 37.
Qg5+ Kh8 38. Qh5+ Kg8 39. Qg4+ Kh7 40. Qxb4 Rxf5 41. Kb1 $16) 32... Kh8 33. Qd1
Nd3+ $1 {A fantastic resource!} 34. cxd3 (34. Kb1 Nxe1 35. fxe6 dxe6 36. d7 Nd3
37. cxd3 Qg1 $1) 34... Bxd3 35. Qxd3 $8 Qxe1+ 36. Kc2 Rc8+ 37. Qc3 $1 {And
White finds the fitting answer!} Qe4+ 38. Kd1 Qg4+ $1 {A very important check,
after which Black draws.} (38... Qh1+ $2 39. Qe1 Qf3+ 40. Qe2 Qh1+ 41. Kd2 Qd5+
42. Ke1 Qxd6 43. Qe3 $16) 39. Kc1 {A desperate attempt to play for a win is in
my young opponent's style.} (39. Kd2 Qg2+ 40. Ke1 Qh1+ $11) 39... Qf4+ 40. Nd2
Rxc3+ 41. bxc3 Qxd6 42. Nf3 {Despite the fact that any computer would estimate
this position as winning for Black, the game moves to a logical draw.} (42.
fxe6 dxe6 43. Ne4 Qf4+ 44. Kb2 a5) (42. Ne4 Qa3+ 43. Kb1 exf5) 42... b4 43. c4
Qc5 44. Ne5 $11 Qe3+ 45. Kb1 Qe4+ 46. Kc1 Qe3+ 47. Kb1 Qe4+ {This game
represents a rare case, when a game which was important from the point of view
of tournament strategy was played in a very exciting, "tasty" style.} 1/2-1/2

[Event "EU-chT (Men) 15th"]
[Site "Gothenburg"]
[Date "2005.08.02"]
[Round "4.2"]
[White "Nedev, Trajce"]
[Black "Bruno, Fabio"]
[Result "1-0"]
[WhiteElo "2530"]
[BlackElo "2425"]
[Annotator "Wells,P"]
[PlyCount "71"]
[EventDate "2005.07.30"]
[EventType "team-swiss"]
[EventRounds "9"]
[EventCountry "SWE"]
[SourceTitle "CBM 109"]
[Source "ChessBase"]
[SourceDate "2005.11.14"]
[SourceVersion "1"]
[SourceVersionDate "2005.11.14"]
[SourceQuality "1"]
[WhiteTeam "Macedonia"]
[BlackTeam "Italy"]
[WhiteTeamCountry "MKD"]
[BlackTeamCountry "ITA"]

1. e4 c5 2. Nf3 e6 3. Nc3 a6 4. d4 cxd4 5. Nxd4 Qc7 6. Bd3 Nf6 7. O-O Nc6 8.
Be3 Ne5 9. h3 b5 10. f4 Nc4 11. Bxc4 Qxc4 12. Qd3 Bb7 {[%csl Rb7,Ye4][%cal
Gc4d3,Gc2d3]} 13. a4 $1 {[%csl Rb5] Theory, important and strong. As I
suggested in the text, as Black I would stay well away from this. If he could
play ...Rc8, all would be decidedly healthy. The only problem is that the text
forces a very detrimental modification of the structure.} Qxd3 14. cxd3 {
[%csl Rb7,Gd3,Ge4] Biting on granite they call it, although I have no
experience to confirm the analogy!} b4 15. Nce2 Be7 {Departing from an old
classic of which I am very fond} (15... Bc5 16. Kf2 d6 17. Nb3 Bxe3+ 18. Kxe3
a5 19. Ned4 Kd7 20. Rfc1 Rhc8 21. Nd2 $1 Ra6 22. Rxc8 Kxc8 23. N4b3 $1 {
A truly virtuoso handling of the knight pair. Of course the exchange of dark
squared bishops helps to confirm the dominance of these fine steeds, as well
as further immiserating the b7 bishop.} d5 24. Nc5 Ra7 25. Rc1 dxe4 26. dxe4
Kb8 27. Nxb7 $1 {and a transformation of advantages reminiscent of the classic
and infinitely quoted Fisher-Petrosian game.} Kxb7 28. Rc5 Nd7 29. Rb5+ Kc8 30.
Nc4 Rc7 31. Kd4 f6 32. Rxa5 $18 e5+ 33. fxe5 fxe5+ 34. Nxe5 Rc2 35. Nxd7 Kxd7
36. Ra7+ Ke6 37. Rxg7 Rxb2 38. g4 h5 39. gxh5 b3 40. h6 {1-0 Tal,M-Kochyev,A/
Leningrad 1977 (40)}) 16. Nb3 O-O 17. Na5 Bc8 18. Nd4 Ne8 19. Rfc1 Bd8 20. Ndb3
{[%csl Rc8] In principle it helps Black's cause to keep the dark squared
bishop, but the position is still miserable. In fact, White picks up teh b4
pawn almost effortlessly. Don't forget, its the c8 bishop which was out focus
here, and there is nothing in its prospects to suggest we got it wrong!} d6 21.
Rc4 Bf6 22. Bd4 e5 23. fxe5 Bxe5 24. Rxb4 $16 Be6 25. Bxe5 dxe5 26. Nc5 Bc8 27.
Nc6 Nc7 28. Nxe5 a5 29. Rb6 f5 30. Rf1 fxe4 31. Rxf8+ Kxf8 32. dxe4 Ke7 33. Kf2
Ne8 34. Nc4 Nc7 35. Rc6 Ra7 36. Nb6 1-0

[Event "Bayern-chI Bank Hofmann 15th"]
[Site "Bad Wiessee"]
[Date "2011.11.04"]
[Round "8"]
[White "Vatter, Hans Joachim"]
[Black "Zakhartsov, Viacheslav V"]
[Result "0-1"]
[WhiteElo "2322"]
[BlackElo "2580"]
[Annotator "Zakhartsov,Vi"]
[PlyCount "64"]
[EventDate "2011.10.29"]
[EventType "swiss"]
[EventRounds "9"]
[EventCountry "GER"]
[SourceTitle "EXT 2012"]
[Source "ChessBase"]
[SourceDate "2011.11.24"]
[SourceVersion "1"]
[SourceVersionDate "2011.11.24"]
[SourceQuality "1"]

1. e4 c5 2. Nf3 e6 3. d4 cxd4 4. Nxd4 Nc6 5. Nc3 Qc7 6. Be3 a6 7. Bd3 Nf6 8.
O-O Ne5 9. h3 Bc5 10. Kh1 d6 11. f4 Ng6 12. Qe1 Bd7 (12... O-O 13. f5 Ne5 14.
Qh4 b5 15. Rf3 exf5 16. exf5 Nxf3 17. gxf3 Bb7 18. Rg1 Bxf3+ 19. Nxf3 Bxe3 20.
Qxf6 Bxg1 21. Qg5 {Carlsen-Vachier Lagrave, Cap d'Agde 2006}) 13. f5 Ne5 14.
Qh4 O-O ({Earlier in his practice has been played} 14... Qb6 15. Nce2 O-O 16.
Rf3 (16. b4 {!?} Qxb4 17. Rab1 Qa4 18. Rxb7 {is another option here}) 16...
exf5 17. exf5 Nxf3 18. gxf3 Rfe8 {?} (18... Kh8 19. Rg1 Rg8 20. Bg5 d5 {
and White has to prove his compensation for the exchange}) 19. Rg1 d5 20. Ne6 {
!} Rxe6 21. fxe6 Bxe3 22. Qxf6 Bxg1 23. Qxf7+ {1-0 Vatter-Iotov, Differdange
2007}) 15. Rf3 exf5 16. exf5 Nxf3 17. gxf3 Bc6 18. Rg1 Bxf3+ 19. Nxf3 (19. Kh2
{?} Qe7 20. Qg3 Qe5 21. Bf4 Ng4+ {!} 22. hxg4 (22. Qxg4 Qxd4) 22... Qxd4 {
and White has nothing for the sacrificed material.}) 19... Bxe3 20. Qxf6 Bxg1
21. Qg5 {Threatening 22.f6, White restores the material balance. The
difference between this position and one from Carlsen-Vachier Lagrave is that
the black pawn is still on b7, and White has not the undermining move a2-a4.}
Qc5 22. Nxg1 Rae8 {I have decided to abstain from f7-f6 in order to not weaken
the e6-square, where the white knight could come via f3-d4.} (22... Rfe8) 23.
Ne4 Qd5 24. Qg2 Kh8 25. f6 Rg8 (25... g6 {was also possible, but I have strove
to use opening g-file for my rook.}) 26. Qf3 (26. Qg5 $5 {forced Black to swap
queens:} Qxg5 (26... Re5 27. fxg7+ Rxg7 28. Qd8+ Rg8 29. Qf6+ {led to a draw,
whereas}) (26... Qxa2 $2 {loses to} 27. Nxd6 Ref8 28. Bxh7) 27. Nxg5 gxf6 28.
Nxf7+ Kg7 29. Nxd6 Re1 {with some Black's advantage. From general
considerations, swapping of queens is in Black's favour here. But now my
advantage becomes very big.}) 26... Re6 27. fxg7+ Rxg7 {Now both rooks are
working.} 28. Ne2 Qe5 (28... Qxa2) 29. Qf4 (29. b3 d5 30. N4g3 Rf6 31. Nf5 Rg5
32. Ned4 Qe1+ 33. Bf1 Qe4 {and Black wins.}) 29... Qxb2 30. Kh2 (30. Nxd6 $2
Qb1+ 31. Kh2 Rxe2+ 32. Bxe2 Qg1#) 30... Qxa2 31. Nxd6 Qd5 32. Nxf7+ $2 {
Desperation. However, Black is winning anyway:} (32. Ne4 Qe5 33. Qxe5 Rxe5 34.
Nd6 b5) 32... Rxf7 0-1

[Event "Olympiad-31"]
[Site "Moscow"]
[Date "1994.12.15"]
[Round "14.1"]
[White "Short, Nigel D"]
[Black "Zvjaginsev, Vadim"]
[Result "1/2-1/2"]
[WhiteElo "2655"]
[BlackElo "2585"]
[Annotator "Zvjaginsev,V"]
[PlyCount "106"]
[EventDate "1994.12.01"]
[EventType "team-swiss"]
[EventRounds "14"]
[EventCountry "RUS"]
[SourceTitle "CBM 045"]
[Source "ChessBase"]
[SourceDate "1995.04.01"]
[SourceVersion "1"]
[SourceVersionDate "1995.04.01"]
[SourceQuality "1"]
[WhiteTeam "England"]
[BlackTeam "Russia II"]
[WhiteTeamCountry "ENG"]
[BlackTeamCountry "RUS"]

1. e4 c5 2. Nf3 e6 3. d4 cxd4 4. Nxd4 Nc6 5. Nc3 Qc7 6. Be3 Nf6 7. f3 a6 8. Qd2
d5 9. exd5 Nxd5 10. Nxd5 exd5 11. O-O-O Bd6 12. Kb1 O-O 13. h4 Re8 $1 14. h5 h6
$5 (14... Bd7 15. h6 g6 $10) 15. Bd3 Be5 16. c3 Nxd4 17. cxd4 (17. Bxd4 Bxd4
18. cxd4 Qg3 19. Rde1 Bd7 $10) 17... Bg3 $1 $8 18. Bc2 Bd7 19. Qd3 (19. Rc1 $1
Qd6 20. Qd3 f5 21. Bd2 $5 $14) 19... f5 20. Bb3 (20. Rc1 Qc4) 20... Bb5 (20...
Qd6 21. Bd2 $1 {/\f4,Rc1/}) 21. Bxd5+ Kh8 22. Qb3 (22. Qxf5 Rxe3 23. Be4 Rxe4
24. fxe4 Qe7 $13) 22... Qd7 $6 (22... Rad8 23. Bf7 Ba4 $1 24. Qxa4 Qxf7 $44)
23. Bf7 Re7 (23... Rxe3 24. Qxe3 Qxf7 25. f4 $18) 24. Bg6 Ba4 25. Qd3 Bxd1 26.
Rxd1 $44 Qd5 27. Bd2 Rd8 28. Bb4 Bd6 29. Bxd6 Qxd6 30. Bxf5 Qf4 31. Be4 Rc7 32.
a3 b5 33. g4 Rdc8 34. Qd2 $1 $16 Qxd2 35. Rxd2 Rd8 36. d5 Kg8 37. Bf5 Rd6 38.
Be6+ Kf8 39. Rc2 $6 (39. f4 $5 Rc4 40. Rf2 {/\g5,gh,f5+/-/}) 39... Rc4 $1 40.
b4 Rf4 $10 41. Rc3 Ke7 42. Kc2 Kf6 43. Kd2 a5 $1 $8 44. bxa5 (44. Ke3 axb4 45.
Rc7 Rc4 46. Rf7+ Kg5 47. Rxg7+ Kh4 48. axb4 Ra6 $36) 44... Ra6 (44... Ra4 $2
45. Rc7 Rxa3 46. f4 $18) 45. Rb3 Rxa5 46. Kc2 Raa4 47. Bf5 Rfc4+ 48. Kb2 b4 49.
axb4 Raxb4 50. Rxb4 Rxb4+ 51. Kc3 Ra4 52. Be4 Ke5 53. Kb3 Rd4 $10 1/2-1/2